Countryside should not be sacrificed (Record no. 72117)
[ view plain ]
| 000 -LEADER | |
|---|---|
| fixed length control field | 01091cam a2200205 4500 |
| 001 - CONTROL NUMBER | |
| control field | WB3907-07 |
| 008 - FIXED-LENGTH DATA ELEMENTS--GENERAL INFORMATION | |
| fixed length control field | 030217n2003 000 0 eng u |
| 035 ## - SYSTEM CONTROL NUMBER | |
| System control number | (Sirsi) u121355 |
| 245 ## - TITLE STATEMENT | |
| Title | Countryside should not be sacrificed |
| 260 ## - PUBLICATION, DISTRIBUTION, ETC. | |
| Date of publication, distribution, etc. | 2003 |
| 490 ## - SERIES STATEMENT | |
| Series statement | CPRE Press Release |
| Volume/sequential designation | (05/03) 12 February 2003, (2) |
| 520 ## - SUMMARY, ETC. | |
| Summary, etc. | A new campaign briefing by the Council for the Protection of Rural England (CPRE) provides guidance to help the public assess applications for renewable energy projects and influence local planning decisions. "Renewable energy" comes in advance of government's energy white paper and highlights the importance of protecting the countryside whilst promoting renewable energy schemes. "Renewable energy" available at www.cpre.org.uk/resources/pub/PDFs/energy/renewable-energy.pdf www.cpre.org.uk/press/rel2003/05-03.htm |
| 590 ## - LOCAL NOTE (RLIN) | |
| Local note | WB |
| 650 ## - SUBJECT ADDED ENTRY--TOPICAL TERM | |
| Topical term or geographic name entry element | RENEWABLE ENERGY |
| 650 ## - SUBJECT ADDED ENTRY--TOPICAL TERM | |
| Topical term or geographic name entry element | COUNTRYSIDE |
| 650 ## - SUBJECT ADDED ENTRY--TOPICAL TERM | |
| Topical term or geographic name entry element | ENERGY PROJECTS |
| 650 ## - SUBJECT ADDED ENTRY--TOPICAL TERM | |
| Topical term or geographic name entry element | PLANNING APPLICATIONS |
| 690 ## - LOCAL SUBJECT ADDED ENTRY--TOPICAL TERM (OCLC, RLIN) | |
| Topical term or geographic name as entry element | ENVIRONMENTAL AND LAND CONSULTANCY-ENERGY-ENERGY USE-ENERGY EFFICIENCY |
| 942 ## - ADDED ENTRY ELEMENTS (KOHA) | |
| Suppress in OPAC | 0 |
| Withdrawn status | Lost status | Source of classification or shelving scheme | Damaged status | Not for loan | Home library | Current library | Shelving location | Date acquired | Total Checkouts | Full call number | Barcode | Date last seen | Copy number | Price effective from | Koha item type |
|---|---|---|---|---|---|---|---|---|---|---|---|---|---|---|---|
| Dewey Decimal Classification | London | London | News article | 17/02/2003 | WB3907-07 | 121355-1001 | 06/08/2019 | 1 | 06/08/2019 | News article |